000
00185 a2200097 4500
020
_a
9781403457455
041
_a
spa
100
_a
Schaefer, Lola M.
245
_a
El ermadillo
942
_c
BK
999
_c
1996
_d
1996